| 000 | 00698nam a2200181Ia 4500 | ||
|---|---|---|---|
| 005 | 20250423100829.0 | ||
| 008 | 250422s9999 xx 000 0 und d | ||
| 020 | _a9789759090784 | ||
| 050 | _aBP 252 .N87 K38/ | ||
| 100 | _aNursi, Said | ||
| 245 | 0 | _aRisale-i Nur Külliyatından : yedinci mektup`tan : Kastamonu lahikası | |
| 260 | _aİstanbul | ||
| 260 | _bSahdamar | ||
| 260 | _c2009 | ||
| 300 | _a234 p | ||
| 650 | _aIslam -- Faith Islam -- Essence, genius, nature Islam -- Universality Sufism Koran -- Criticism, interpretation, etc. Creation (Islam) İslam -- İman İslam -- Evrensellik Tasavvuf Kur’an-ı Kerîm -- Eleştiri, yorum, v.b. Yaratılış (İslamiyet) | ||
| 942 | _cBK | ||
| 999 |
_c34467 _d34467 |
||